000 00597nam a2200205 a 4500
005 20210223132741.0
008 151019s1991 mx r 000 0 spa d
020 _a8423406059
035 _aUPN01000206140
049 _aCG
050 4 _aHF5721
_bM3.2
100 1 _aMartin, George W.,
_d1927-
_938155
245 1 0 _aCómo comunicar mejor por escrito /
_cGeorge W. Martin.
260 _aBilbao, Esp. :
_bDeusto,
_c1991.
300 _a130 p.
534 _pTítulo original:
_tLet's communicate
650 4 _aCORRESPONDENCIA COMERCIAL -
_vMANUALES
_911149
905 _aLibro
999 _c178241
_d178241